00350nam a2200121Ia 450000500170000000800410001708200130005810000210007124500460009226000350013830000200017350000350019320250612030658.0240331s9999 xx 000 0 und d bNAWa320 aMarga Ayathanaya 0aNawa adhirajyawadaya saha thevana lokaya  aColombobMarha Institutec1974 a275 p ., ( P 2) aNeo - imperialism third world